Missing Word: James Bond Quiz Stats

 Plays Quiz not verified by Sporcle

Score 0/20 Timer 03:00
0 Plays Today
Hint Missing Word % Correct
Casino ______Royale
99.3%
You Only ____ TwiceLive
97.5%
________ are ForeverDiamonds
96.7%
The Man with the ______ GunGolden
96%
Shaken, not _______Stirred
95.6%
For Your ____ OnlyEyes
95.3%
From ______ with LoveRussia
95.3%
The Spy Who _____ MeLoved
93.4%
On Her _______'s Secret ServiceMajesty
92.6%
_______ to KillLicence
91.5%
Hint Missing Word % Correct
________ Never DiesTomorrow
91.3%
Sean _______Connery
90.5%
No, Mr. Bond, I expect you to ___!Die
89.9%
A ____ to a KillView
87.6%
______ LazenbyGeorge
80.1%
The Living _________Daylights
79.9%
The ______ Is Not EnoughWorld
79.3%
Never Say _______ Again Never
78.6%
Ian _______Fleming
76.8%
Quantum of ________Solace
64.1%

You're not logged in!

Compare scores with friends on all Sporcle quizzes.
OR
Log In

Show Comments

Extras

Top Quizzes Today


Score Distribution

Your Account Isn't Verified!

In order to create a playlist on Sporcle, you need to verify the email address you used during registration. Go to your Sporcle Settings to finish the process.

Report this User

Report this user for behavior that violates our Community Guidelines.

Details: